| 000 | 00320nam a2200121Ia 4500 | ||
|---|---|---|---|
| 008 | 240731s9999 xx 000 0 und d | ||
| 022 | _a1469-3666 | ||
| 245 | 0 | _aContinuum : Journal of Media & Cultural Studies | |
| 260 | _bRoutledge | ||
| 856 | _uhttps://www.tandfonline.com/loi/ccon20 | ||
| 942 | _2ddc | ||
| 942 | _cTFEJ | ||
| 999 |
_c76073 _d76073 |
||
| 945 |
_a1 _bMadushi Gamage _c1 _dMadushi Gamage |
||